Sports Quiz

Random Sports or NFL Quiz

NFL 2+ Starting QBs, 2010 Quiz Stats

 Plays Quiz not verified by Sporcle

Challenge
Share
Tweet
Embed
Score 0/60 Timer 04:00
0 Plays Today
% Correct
Philadelphia Eagles
87.9%
Cleveland Browns
86.6%
Miami Dolphins
86.5%
Michael Vick
86.2%
Dallas Cowboys
84.1%
San Francisco 49ers
84.1%
Detroit Lions
83.8%
Tony Romo
83.5%
Kevin Kolb
83.1%
Alex Smith
83%
Troy Smith
82.9%
Chad Henne
81.7%
Oakland Raiders
81.5%
C. Pennington - T. Thigpen
81.4%
Pittsburgh Steelers
81.1%
Carolina Panthers
80.1%
Matthew Stafford
80.1%
Arizona Cardinals
80.1%
Buffalo Bills
79.3%
C. Batch - B. Roethlisberger
79.1%
Tennessee Titans
78.4%
S. Wallace - C. McCoy
78.4%
Chicago Bears
77.9%
Jon Kitna
77.8%
Seattle Seahawks
77.7%
Jay Cutler
75.1%
Vince Young
74.6%
Matt Hasselbeck
74.5%
Kerry Collins
73.1%
Todd Collins
73%
% Correct
Derek Anderson
71.8%
Jake Delhomme
70.9%
Jason Campbell
70.7%
Ryan Fitzpatrick
70.4%
Jacksonville Jaguars
68.8%
J. Clausen - B. St. Pierre
67.6%
Matt Moore
66.1%
Trent Edwards
64%
David Garrard
63.4%
Dennis Dixon
62.9%
Shaun Hill
62.9%
Bruce Gradkowski
59%
Max Hall
50.9%
Charlie Whitehurst
47.4%
Minnesota Vikings
21.7%
Washington Redskins
21.1%
Green Bay Packers
19.6%
Aaron Rodgers
18.8%
Brett Favre
18.7%
Donovan McNabb
18%
T. Jackson - J. Webb
18%
Denver Broncos
18%
Todd Bouman
16.8%
Kansas City Chiefs
16.6%
Kyle Orton
16.4%
Rex Grossman
16.4%
Matt Flynn
15.8%
Tim Tebow
15.4%
Matt Cassel
14%
Brodie Croyle
6.5%

You're not logged in!

Compare scores with friends on all Sporcle quizzes.
Join for Free
OR
Log In

You Might Also Like...

Show Comments

Extras

Top Quizzes Today


Score Distribution

Your Account Isn't Verified!

In order to create a playlist on Sporcle, you need to verify the email address you used during registration. Go to your Sporcle Settings to finish the process.

Report this User

Report this user for behavior that violates our Community Guidelines.

Details: